Plastics by Their Acronyms - Statistics

General Stats
  • This quiz has been taken 8 times
  • The average score is 10 of 33
Answer Stats
Hint Answer % Correct
PVA Polyvinyl Acetate
67%
PVC Polyvinyl Chloride
67%
ABS Acrylonitrile Butadiene Styrene
50%
PC Polycarbonate
50%
PEEK Polyetheretherketone
50%
PLA Polylactic Acid
50%
PS Polystyrene
50%
HDPE High Density Polyethylene
33%
LDPE Low Density Polyethylene
33%
PBT Polybutylene Terephthalate
33%
PEKK Polyetherketoneketone
33%
PET Polyethylene Terephthalate
33%
PK Polyketone
33%
PP Polypropylene
33%
PSU Polysulfone
33%
PTFE Polytetrafluoroethylene
33%
PVB Polyvinyl Butyral
33%
ASA Acrylonitrile Styrene Acrylate
17%
PAN Polyacrylonitrile
17%
PA Polyamide
17%
PAI Polyamide-imide
17%
PCL Polycaprolactone
17%
PCTFE Polychlorotrifluoroethylene
17%
PEI Polyetherimide
17%
PES Polyethersulfone
17%
PHA Polyhydroxyalkanoates
17%
PI Polyimide
17%
PMMA Poly(Methyl Methacrylate)
17%
POM Polyoxymethylene
17%
PPO Polyphenylene Oxide
17%
PPS Polyphenylene sulfide
17%
PPSU Polyphenylsulfone
17%
PPA Polyphthalamide
17%
No matching quizzes found
Score Distribution
Percent of People with Each Score
Percentile by Number Answered
Your Score History
You have not taken this quiz